Joueurs les plus sélectionnés en équipe nationale d’Espagne - Statistiques

Statistiques générales
  • Ce quiz a été pris 121 fois
  • Le résultat moyen est 6 sur 10
Statistiques - réponses
Sélections Carrière Joueur % Correct
131 2006-2018 Andrés Iniesta
98%
180 2005-2021 Sergio Ramos
95%
167 2000-2016 Iker Casillas
88%
143 2009-2022 Sergio Busquets
82%
110 2003-2014 Fernando Torres
71%
114 2003-2014 Xabi Alonso
52%
125 2006-2018 David Silva
47%
110 2006-2016 Cesc Fabregas
37%
133 2000-2014 Xavi Hernandez
34%
126 1985-1998 Andoni Zubizarreta
12%
Aucun quiz correspondant
Distribution des résultats
% des personnes avec chaque résultat
Percentile par nombre de réponses
Votre historique - résultats
Vous n’avez pas pris ce quiz